000 00876nam a2200265Ia 4500
003 OSt
005 20220923211510.0
006 a|||||r|||| 00| 0
007 ta
008 Pun
020 _a9789380145457 (hbk)
_c250
024 _a320,005
037 _b777, 27/02/2017, H.K. Prakashan
_cTextual
040 _aARTS
_cARTS
_bPun
041 _2Pun
_aPun
082 _aO153,3x, Q4
100 _aਲਹਿਰੀ, ਲੱਖਾ, ਂਚ.
_9156363
245 0 _aਕਥਾ ਤੋ੍ਵ ਪਟਕਥਾ
260 _aਪਟਿਆਲਾ
_b 21 ਸੈ੍ਵਚੂਰੀ ਪਬਲੀਕੇFਨਗ਼
_c2014
300 _a246ਪ੍ਰ0
_ccm.
650 _a ਪੰਜਾਬੀ ਕਹਾਣੀ
650 _aਸ਼ਚਅਹ਼ਲਜ
942 _hO153,3x, Q4
_cTEXL
_2CC
999 _c300159
_d300159